| 000 | 00608nam a22001937a 4500 | ||
|---|---|---|---|
| 003 | URS | ||
| 005 | 20260225095855.0 | ||
| 008 | 260224b |||||||| |||| 00| 0 eng d | ||
| 020 | _a9786210226515 | ||
| 040 | _cURS | ||
| 050 |
_aKPM 1214 _b.C1235 2025 |
||
| 100 | _aCaingat, Celestino S., JR. | ||
| 245 |
_aThe Labor code : _bvolume 2-labor relations / _cAtty. Celestino S. Caingat, Jr. |
||
| 250 | _a2025 Edition.-- | ||
| 264 |
_aQuezon City : _bCentral Book Supply, Inc., _c©2025. |
||
| 300 |
_axviii, 991 pages ; _c24 cm. |
||
| 650 |
_a Labor laws and legislation _zPhilippines |
||
| 942 |
_2lcc _cF |
||
| 999 |
_c98811 _d98808 |
||